Island Countries by flag - Statistics

General Stats
  • This quiz has been taken 28 times
  • The average score is 36 of 47
Answer Stats
Picture Answer % Correct
United Kingdom
100%
Ireland
96%
Japan
96%
New Zealand
96%
Iceland
92%
Jamaica
92%
Malta
92%
Barbados
88%
Cyprus
88%
Cuba
84%
Indonesia
84%
Papua New Guinea
84%
Philippines
84%
Bahamas
80%
Brunei
80%
Comoros
80%
Kiribati
80%
Palau
80%
Seychelles
80%
Singapore
80%
Sri Lanka
80%
Antigua and Barbuda
76%
Bahrain
76%
Dominica
76%
Dominican Republic
76%
Fiji
76%
Madagascar
76%
Maldives
76%
Marshall Islands
76%
Tonga
76%
Trinidad & Tobago
76%
Haiti
72%
Taiwan
72%
Cape Verde
68%
F.S. of Micronesia
68%
Grenada
68%
Nauru
68%
Samoa
68%
Sao Tome & Principe
68%
Solomon Islands
68%
St. Lucia
68%
St. Vincent and the Grenadines
68%
East Timor
64%
St. Kitts & Nevis
64%
Tuvalu
64%
Vanuatu
64%
Mauritius
60%
No matching quizzes found
Score Distribution
Percent of People with Each Score
Percentile by Number Answered
Your Score History
You have not taken this quiz